[Event "Marianske Lazne op"]
[Site "Marianske Lazne"]
[Date "2020.01.19"]
[Round "2"]
[White "Becker, Robin"]
[Black "Quesada Vera, Liordis"]
[Result "0-1"]
[WhiteElo "1933"]
[BlackElo "2386"]
[PlyCount "50"]
[EventDate "2020.01.18"]
[EventType "swiss"]
[EventRounds "9"]
[EventCountry "CZE"]
[SourceTitle "EXT 2021"]
[Source "ChessBase"]
[SourceDate "2020.10.23"]
[SourceVersion "1"]
[SourceVersionDate "2020.10.23"]
[SourceQuality "1"]

1. e4 d6 2. d4 Nf6 3. Nc3 Nbd7 4. Nf3 e5 5. g4 Nxg4 6. Rg1 Ngf6 7. Bc4 h6 8. Be3 c6 9. dxe5 dxe5 10. Qd2 Qa5 11. 0-0-0 b5 12. Nxb5 Qxd2+ 13. Bxd2 cxb5 14. Bxb5 Rb8 15. Bc6 Bb7 16. Nxe5 Bxc6 17. Nxc6 Rb6 18. Nxa7 g6 19. Bc3 Rg8 20. Bd4 Bc5 21. e5 Bxd4 22. Rxd4 Nxe5 23. f4 Nf3 24. Nc8 Nxd4 25. Nxb6 Ne2+ 0-1

[Event "Karl Mala Memorial op 15th"]
[Site "Frankfurt"]
[Date "2012.07.05"]
[Round "1"]
[White "Becker, Robin"]
[Black "Bonk, Andras"]
[Result "0-1"]
[WhiteElo "1464"]
[BlackElo "1980"]
[PlyCount "46"]
[EventDate "2012.07.05"]
[EventType "swiss"]
[EventRounds "7"]
[EventCountry "GER"]
[SourceTitle "CBM 149 Extra"]
[Source "ChessBase"]
[SourceDate "2012.08.24"]
[SourceVersion "1"]
[SourceVersionDate "2012.08.24"]
[SourceQuality "1"]

1. e4 c5 2. Nf3 Nc6 3. d4 cxd4 4. Nxd4 Nf6 5. Nc3 e6 6. Bc4 Bb4 7. Bg5 Qa5 8. Qd3 Qxg5 9. 0-0 0-0 10. Nf3 Qa5 11. a3 Bxc3 12. bxc3 d5 13. exd5 exd5 14. Bb3 b6 15. c4 Ba6 16. Nd2 Ne5 17. Qe3 dxc4 18. Bxc4 Nxc4 19. Nxc4 Bxc4 20. Rfd1 Rfe8 21. Qf3 Be2 22. Qg3 Bxd1 23. Rxd1 Re1+ 0-1